00912naa#a2200181#i#4500001001600000005001700016011001400033100004100047102000700088200025100095210012800346215001000474608004500484675007300529700005200602700005600654856002000710RU\\bibl\11977720260417013317.5##a1819-4036##a20210226b2021####ek#y0rusy0150####ca##aRU1#aСОВРЕМЕННОЕ СОСТОЯНИЕ ИСПОЛЬЗОВАНИЯ ПАХОТНЫХ ЗЕМЕЛЬ В ХОЗЯЙСТВАХ РАЗНЫХ ФОРМ СОБСТВЕННОСТИ ПРИЕНИСЕЙСКОЙ СИБИРИeЖурнальная статья1#aКрасноярскcКрасноярский государственный аграрный университетd2021##a6 с.##aЖурнальная статья2local##aОбщие вопросы сельского хозяйства. 631#1aЧебочаковgЕгор Яковлевич#1aМуртаевgВалерий Николаевич4#avestnik.kgau.ru